000
00325nam a2200145Ia 4500
100
_a
Spiegel/ Murray/R
942
_c
BK
654
_a
Handbook
245
_a
Mathematical Handbook : Formulas & Tables
260
_b
Schaums outline series
_c
1968
082
_a
511
_b
SPI
300
_a
271
546
_a
ENGLISH
999
_c
19570
_d
19570